Safe handling of light ends : a collection of booklets describing hazards and how to manage them.

Bibliographic Details
Corporate Authors: Institution of Chemical Engineers (Great Britain), British Petroleum Company
Format: Book
Language:English
Published: Rugby, UK : British Petroleum/Institution of Chemical Engineers, [2005]
Series:BP process safety series.
Subjects:

MARC

Tag First Indicator Second Indicator Subfields
LEADER 00000cam a2200000 a 4500
001 in00002071962
005 20151102051830.0
008 050302s2005 enka f 000 0 eng
015 |a GBA520906  |2 bnb 
016 7 |a 013130090  |2 Uk 
020 |a 0852954786 (pbk.) 
024 3 |a 9780852954782 
035 |a (OCoLC)ocm58454673 
040 |a UKM  |c UKM  |d BWKUK  |d TXA  |d UtOrBLW 
049 |a TXAM 
050 4 |a TP690.6  |b .S22 2005 
082 0 4 |a 665.53820289  |2 22 
245 0 0 |a Safe handling of light ends :  |b a collection of booklets describing hazards and how to manage them. 
264 1 |a Rugby, UK :  |b British Petroleum/Institution of Chemical Engineers,  |c [2005] 
264 4 |c ©2005 
300 |a vi, 95 pages ;  |c 24 cm. 
336 |a text  |b txt  |2 rdacontent 
337 |a unmediated  |b n  |2 rdamedia 
338 |a volume  |b nc  |2 rdacarrier 
490 1 |a BP process safety series 
500 |a Published in association with BP. 
650 0 |a Gasoline  |x Safety measures. 
650 0 |a Diesel fuels  |x Safety measures. 
710 2 |a Institution of Chemical Engineers (Great Britain) 
710 2 |a British Petroleum Company. 
830 0 |a BP process safety series. 
994 |a C0  |b TXA 
948 |a cataloged  |b h  |c 2005/8/22  |d c  |e bwalker  |f 10:56:44 am 
999 |a MARS 
999 f f |s 87dc2bdc-cf91-33f2-98dc-2ccb5c4b7170  |i ad05fdef-dec0-3fef-ab55-8826f5b6ac5c  |t 0 
952 f f |p normal  |a Texas A&M University  |b College Station  |c Sterling C. Evans Library  |d Evans: Library Stacks  |t 0  |e TP690.6 .S22 2005  |h Library of Congress classification  |i unmediated -- volume  |m A14832913197 
998 f f |a TP690.6 .S22 2005  |t 0  |l Evans: Library Stacks